Na české železnici se plánuje zavedení RFID

Využívanie technológie RFID v železničnej doprave v USA od 90. rokov. Výhody využívania technológie RFID v doprave. Príklad Škandinávie. Efektívne riadená doprava. Potreba využívania jednotného štandardu. Prvé signály z Českej republiky a Slovenska.

Salvato in:
Dettagli Bibliografici
Autore principale: Černý, Mikuláš
Natura: Capitolo di libro
Lingua:ceco
Soggetti:
Tags: Aggiungi Tag
Nessun Tag, puoi essere il primo ad aggiungerne!!

MARC

LEADER 00000naa a2200000 4500
001 0209035
005 20231211081217.7
041 0 |a cze 
044 |a CZ 
245 1 0 |a Na české železnici se plánuje zavedení RFID  |c Mikuláš Černý 
520 |a Využívanie technológie RFID v železničnej doprave v USA od 90. rokov. Výhody využívania technológie RFID v doprave. Príklad Škandinávie. Efektívne riadená doprava. Potreba využívania jednotného štandardu. Prvé signály z Českej republiky a Slovenska. 
610 2 0 |a identifikácia vysokofrekvenčná 
610 2 0 |a doprava železničná nákladná 
610 2 0 |a preprava 
610 2 0 |a USA 
610 2 0 |a Škandinávia 
610 2 0 |a Česko 
610 2 0 |a Slovensko 
100 1 |a Černý, Mikuláš